[Event "XXIX Open"]
[Site "Donostia San Sebastian ESP"]
[Date "2006.04.15"]
[Round "9"]
[White "Flear, G."]
[Black "Sola, R."]
[Result "1-0"]
[WhiteElo "2465"]
[BlackElo "2337"]
[PlyCount "71"]
[EventDate "2006.04.08"]

1. d4 Nf6 2. c4 e6 3. Nc3 c5 4. d5 exd5 5. cxd5 d6 6. Nf3 g6 7. Bf4 Bg7 8. Qa4+
Bd7 9. Qb3 b5 10. Bxd6 Qb6 11. Be5 O-O 12. e3 c4 13. Qd1 Na6 14. Be2 b4 15. Nb1
Rfc8 16. Nbd2 Bb5 17. Nd4 Nxd5 18. Bxg7 Kxg7 19. Nxb5 Qxb5 20. Nxc4 Rd8 21.
Qd4+ Kg8 22. Ne5 Qe8 23. Bxa6 Nc7 24. Ng4 Rxd4 25. Nf6+ Kg7 26. Nxe8+ Rxe8 27.
Be2 Rd5 28. Bc4 Rc5 29. Bb3 Rc8 30. Ke2 Na8 31. Rhd1 Nb6 32. Rd6 R8c7 33. Rad1
Nc4 34. Rd7 Nxb2 35. Rxc7 Rxc7 36. Rd2 1-0

[Event "XXIX Open"]
[Site "Donostia San Sebastian ESP"]
[Date "2006.04.15"]
[Round "9"]
[White "Del Rey, D."]
[Black "Gonzalez de la Torre, S."]
[Result "0-1"]
[WhiteElo "2431"]
[BlackElo "2317"]
[PlyCount "88"]
[EventDate "2006.04.08"]

1. d4 d5 2. c4 c6 3. Nf3 Nf6 4. e3 Bg4 5. h3 Bh5 6. g4 Bg6 7. Ne5 Be4 8. f3
Bxb1 9. Rxb1 e6 10. c5 Nfd7 11. Nd3 e5 12. Bg2 Qh4+ 13. Kd2 Na6 14. b4 Nc7 15.
Qe1 Qe7 16. Qg3 f6 17. Bb2 O-O-O 18. Rhe1 e4 19. fxe4 dxe4 20. Nf2 f5 21. gxf5
Nf6 22. Qh4 Re8 23. Ng4 Rg8 24. Ne5 Qd8 25. Ke2 Qd5 26. Kf2 g5 27. Qg3 g4 28.
Qf4 gxh3 29. Bxh3 Qxa2 30. Kf1 Ncd5 31. Qf2 Bh6 32. Ra1 Qb3 33. Ra3 Qxb4 34.
Nf7 Nxe3+ 35. Rexe3 Qc4+ 36. Re2 Qxf7 37. Rxa7 Ng4 38. Qh4 Kb8 39. Bxg4 Kxa7
40. Qh3 e3 41. Bc3 Qc4 42. Ba5 Re4 43. Bb6+ Ka6 44. Bf3 Rxd4 0-1

[Event "XXIX Open"]
[Site "Donostia San Sebastian ESP"]
[Date "2006.04.15"]
[Round "9"]
[White "Hanley, C."]
[Black "Cruz Lopez Claret, C."]
[Result "1/2-1/2"]
[WhiteElo "2418"]
[BlackElo "2330"]
[PlyCount "93"]
[EventDate "2006.04.08"]

1. e4 e5 2. Nf3 Nc6 3. Bb5 a6 4. Bxc6 dxc6 5. O-O Bd6 6. d4 exd4 7. Qxd4 f6 8.
Be3 Ne7 9. Nbd2 Be6 10. Rfd1 O-O 11. Nc4 Bb4 12. a3 Qxd4 13. Nxd4 Bxc4 14. axb4
Rfe8 15. f3 Ng6 16. b3 Bf7 17. Kf2 Rad8 18. Rd2 Rd7 19. Rad1 Red8 20. g4 Nf8
21. Bf4 Ne6 22. Nxe6 Rxd2+ 23. Rxd2 Rxd2+ 24. Bxd2 Bxe6 25. Bf4 g6 26. Ke3 Kf7
27. Bxc7 f5 28. exf5 gxf5 29. g5 b5 30. h4 Kg6 31. Bd8 Bf7 32. Kd4 Bd5 33. f4
Be4 34. c4 Bc2 35. Ke5 Bxb3 36. c5 Bc2 37. h5+ Kf7 38. Bf6 Be4 39. Kd6 Bf3 40.
Kc7 Be4 41. Bc3 Bf3 42. Kb6 Be4 43. Kxa6 Bf3 44. Kb7 Be4 45. Kc7 Bf3 46. Kd6
Be4 47. Ke5 1/2-1/2

[Event "XXIX Open"]
[Site "Donostia San Sebastian ESP"]
[Date "2006.04.15"]
[Round "9"]
[White "Acosta Garcia, A."]
[Black "Dobrev, N."]
[Result "1/2-1/2"]
[WhiteElo "2304"]
[BlackElo "2407"]
[PlyCount "83"]
[EventDate "2006.04.08"]

1. d4 Nf6 2. c4 e6 3. Nc3 Bb4 4. Qc2 d5 5. cxd5 exd5 6. Bg5 h6 7. Bxf6 Qxf6 8.
a3 Bxc3+ 9. Qxc3 O-O 10. e3 c6 11. Ne2 Re8 12. Ng3 b6 13. Bd3 c5 14. O-O Nc6
15. Rac1 c4 16. Bb1 b5 17. Rcd1 a5 18. e4 dxe4 19. Nxe4 Qf4 20. g3 Qb8 21. Rfe1
Kf8 22. b3 Ba6 23. Nc5 Rxe1+ 24. Rxe1 Qd6 25. Nxa6 Rxa6 26. bxc4 Qxd4 27. Qxd4
Nxd4 28. cxb5 Rb6 29. Be4 Rxb5 30. Rd1 Ne2+ 31. Kf1 Nc3 32. Rd4 Rb3 33. Ra4 Rb4
34. Rxb4 axb4 35. Bc2 Ke7 36. Ke1 Kd6 37. Kd2 Kc5 38. Bb3 f6 39. Kd3 Kb6 40.
Kd4 Ka5 41. Kc5 g5 42. f4 1/2-1/2

[Event "XXIX Open"]
[Site "Donostia San Sebastian ESP"]
[Date "2006.04.15"]
[Round "9"]
[White "Jakobsen, O."]
[Black "Barrenechea Bahamonde, G."]
[Result "1-0"]
[WhiteElo "2388"]
[BlackElo "2180"]
[PlyCount "65"]
[EventDate "2006.04.08"]

1. d4 Nf6 2. c4 c5 3. e3 g6 4. Nc3 Bg7 5. Nf3 O-O 6. Be2 cxd4 7. exd4 d5 8. O-O
Nc6 9. h3 Bf5 10. Be3 Rc8 11. c5 Ne4 12. Qb3 Qd7 13. Rad1 Rfd8 14. Rfe1 h6 15.
Bf1 Kh8 16. Qa3 g5 17. b4 g4 18. hxg4 Bxg4 19. b5 Bxf3 20. gxf3 Nxc3 21. Qxc3
Rg8 22. Bg2 Bf6 23. Kf1 Nd8 24. Qd3 Qc7 25. Bh3 Ne6 26. Bxe6 fxe6 27. Ke2 e5
28. Rh1 Kg7 29. Rdg1+ Kf7 30. Qh7+ Rg7 31. Rxg7+ Bxg7 32. Rg1 Rg8 33. Bxh6 1-0

[Event "XXIX Open"]
[Site "Donostia San Sebastian ESP"]
[Date "2006.04.15"]
[Round "9"]
[White "Guerra Bastida, D."]
[Black "Prada Lopez, M."]
[Result "1-0"]
[WhiteElo "2373"]
[BlackElo "2223"]
[PlyCount "77"]
[EventDate "2006.04.08"]

1. e4 c5 2. Nf3 d6 3. d4 cxd4 4. Nxd4 Nf6 5. Nc3 g6 6. Be3 Bg7 7. f3 Nc6 8. Qd2
Bd7 9. g4 O-O 10. h4 Ne5 11. h5 Rc8 12. Be2 Qa5 13. Nb3 Qc7 14. Bh6 Be6 15.
hxg6 fxg6 16. Nd4 Bf7 17. Bxg7 Kxg7 18. Nd5 Bxd5 19. exd5 Kg8 20. O-O-O Nc4 21.
Qh6 Rf7 22. Ne6 Qb6 23. Bxc4 Rxc4 24. Qg5 Qf2 25. Qd2 Qxf3 26. Ng5 Qxg4 27.
Nxf7 Kxf7 28. Rdf1 h5 29. Kb1 Qe4 30. Rhg1 Rc7 31. Rf4 Qe5 32. Re1 Qg5 33. Qd4
Rc5 34. c4 b5 35. Qe3 Rc7 36. Ref1 Kg7 37. Rg1 Qh6 38. c5 dxc5 39. Qe5 1-0

[Event "XXIX Open"]
[Site "Donostia San Sebastian ESP"]
[Date "2006.04.15"]
[Round "9"]
[White "Arce Balluerca, J."]
[Black "Contin, D."]
[Result "0-1"]
[WhiteElo "2109"]
[BlackElo "2396"]
[PlyCount "70"]
[EventDate "2006.04.08"]

1. Nf3 Nf6 2. g3 b6 3. Bg2 Bb7 4. O-O c5 5. d4 cxd4 6. Qxd4 g6 7. c3 Bg7 8. Qh4
h6 9. Nbd2 d6 10. Re1 Nbd7 11. Nb3 Rc8 12. Qa4 Bc6 13. Qa6 e5 14. e4 Bxe4 15.
Nxe5 dxe5 16. Bxe4 Nxe4 17. Rxe4 O-O 18. Re1 f5 19. Qd3 Qe7 20. Qd5+ Kh7 21.
Nd4 Rf6 22. f4 Rd6 23. Qb7 Qd8 24. fxe5 Nxe5 25. Bf4 Rd7 26. Qg2 Nd3 27. Re2
Bxd4+ 28. cxd4 Rxd4 29. Be3 Rd5 30. Rf1 Rc7 31. Qh3 h5 32. Qg2 Re7 33. h4 Rde5
34. Bg5 Rxe2 35. Qxe2 Qd4+ 0-1